[Event "Titled Tuesday intern op 21st May Late"]
[Site "Chess.com INT"]
[Date "2024.05.21"]
[Round "10"]
[White "Jaskolka, Tomasz"]
[Black "Lin, Bryan Enming"]
[Result "0-1"]
[WhiteElo "2273"]
[BlackElo "2147"]
[PlyCount "94"]
[EventDate "2024.05.21"]
[EventType "swiss (blitz)"]
[EventRounds "11"]
[EventCountry "USA"]
[SourceTitle "CB22_2024"]
[SourceDate "2024.05.29"]
[SourceVersion "1"]
[SourceVersionDate "2024.05.29"]
[SourceQuality "1"]

1. e4 e5 2. Nc3 Nf6 3. d4 exd4 4. Qxd4 Nc6 5. Qd3 Bb4 6. Bd2 0-0 7. 0-0-0 Re8 8. f3 d6 9. Nge2 Ne5 10. Qb5 a5 11. Ng3 c6 12. Qe2 b5 13. Nb1 Nc4 14. Bc3 Nd5 15. Qe1 Qg5+ 16. Rd2 Nxc3 17. bxc3 Nxd2 18. Nxd2 Bxc3 19. h4 Qxd2+ 20. Qxd2 Bxd2+ 21. Kxd2 Be6 22. Bd3 b4 23. h5 c5 24. a4 c4 25. Be2 Rec8 26. h6 Bd7 27. hxg7 Bxa4 28. Nf5 c3+ 29. Ke3 Bxc2 30. Ne7+ Kxg7 31. Nf5+ Kg8 32. Ne7+ Kh8 33. Nd5 Bb3 34. Nf6 Kg7 35. Nh5+ Kf8 36. Nf6 Ke7 37. Ng4 c2 38. Kd2 a4 39. Ne3 a3 40. Nf5+ Kd7 41. Bb5+ Kc7 42. Nd4 Kb6 43. Bd7 Ba4 44. Bxc8 Rxc8 45. Ne2 b3 46. Rh6 b2 47. Rxd6+ Kb7 0-1

[Event "Titled Tuesday intern op 21st May Late"]
[Site "Chess.com INT"]
[Date "2024.05.21"]
[Round "8"]
[White "Rietze, Clemens"]
[Black "Lin, Bryan Enming"]
[Result "0-1"]
[WhiteElo "2372"]
[BlackElo "2147"]
[PlyCount "144"]
[EventDate "2024.05.21"]
[EventType "swiss (blitz)"]
[EventRounds "11"]
[EventCountry "USA"]
[SourceTitle "CB22_2024"]
[SourceDate "2024.05.29"]
[SourceVersion "1"]
[SourceVersionDate "2024.05.29"]
[SourceQuality "1"]

1. d4 Nf6 2. c4 g6 3. h4 c5 4. d5 Bg7 5. Nc3 d6 6. e4 e6 7. Be2 h5 8. Nf3 0-0 9. 0-0 Re8 10. Bf4 exd5 11. exd5 Ne4 12. Nxe4 Rxe4 13. Qd2 Bxb2 14. Qxb2 Rxf4 15. Rfe1 Nd7 16. g3 Re4 17. Bd3 Rxe1+ 18. Rxe1 Nf6 19. Ng5 b6 20. Qe2 Bd7 21. Qf3 Kg7 22. Re4 Bg4 23. Qf4 Qd7 24. Re3 b5 25. f3 bxc4 26. Bxc4 Bf5 27. Re1 Rb8 28. Qd2 Rb4 29. Qc3 Qd8 30. a3 Rb7 31. Bd3 Bxd3 32. Qxd3 Nd7 33. Ne4 Ne5 34. Qc3 Kg8 35. f4 Ng4 36. Nxd6 Re7 37. Ne4 Re8 38. d6 f5 39. Qc4+ Kh8 40. Qc3+ Kg8 41. Qc4+ Kh8 42. Qc3+ Kh7 43. Nf6+ Nxf6 44. Rxe8 Nxe8 45. Qxc5 Qxd6 46. Qxa7+ Kg8 47. Qe3 Nf6 48. Qe5 Qxe5 49. fxe5 Nd7 50. a4 Nxe5 51. a5 Nc6 52. a6 Na7 53. Kf2 Kf7 54. Kf3 Ke6 55. Kf4 Kf6 56. Kf3 g5 57. Ke3 gxh4 58. gxh4 Ke5 59. Kf3 f4 60. Kf2 Kf5 61. Kg2 Kg4 62. Kf2 Nc6 63. Ke2 Kxh4 64. Kf3 Kg5 65. Kf2 Na7 66. Kg2 Kg4 67. Kf2 h4 68. Kg1 h3 69. Kh2 f3 70. Kh1 Kg3 71. Kg1 f2+ 72. Kh1 f1Q# 0-1

[Event "Titled Tuesday intern op 21st May Late"]
[Site "Chess.com INT"]
[Date "2024.05.21"]
[Round "7"]
[White "Sroczynski, Maciej"]
[Black "Lin, Bryan Enming"]
[Result "1/2-1/2"]
[WhiteElo "2255"]
[BlackElo "2147"]
[PlyCount "208"]
[EventDate "2024.05.21"]
[EventType "swiss (blitz)"]
[EventRounds "11"]
[EventCountry "USA"]
[SourceTitle "CB22_2024"]
[SourceDate "2024.05.29"]
[SourceVersion "1"]
[SourceVersionDate "2024.05.29"]
[SourceQuality "1"]

1. d4 Nf6 2. c4 c5 3. d5 g6 4. Nc3 Bg7 5. e4 d6 6. h3 0-0 7. Nf3 e6 8. Be2 exd5 9. cxd5 Re8 10. Nd2 a6 11. a4 Nbd7 12. 0-0 Qc7 13. a5 b5 14. axb6 Nxb6 15. Re1 Nfd7 16. Bf1 c4 17. Nf3 Nc5 18. Nd4 Bd7 19. Ra3 h6 20. Bf4 g5 21. Bg3 Re7 22. Nc6 Ree8 23. e5 dxe5 24. Ne4 Nxe4 25. Rxe4 Bxc6 26. dxc6 Qxc6 27. Qc2 a5 28. Bxc4 Rac8 29. b3 a4 30. Qe2 axb3 31. Rxb3 Nxc4 32. Rc3 Qb5 33. Rexc4 Rxc4 34. Qxc4 Qxc4 35. Rxc4 f5 36. f3 Kf7 37. Rc7+ Kg6 38. Rc6+ Bf6 39. Be1 f4 40. Bc3 Kf5 41. Kf2 Ra8 42. Rb6 Ra2+ 43. Rb2 Rxb2+ 44. Bxb2 Be7 45. Ke2 e4 46. fxe4+ Kxe4 47. Bg7 h5 48. Bc3 Bd8 49. Bd2 Bf6 50. Bc1 Bc3 51. Ba3 Be5 52. Bc5 Bc7 53. Ba7 Ba5 54. Bc5 Bc3 55. Bb6 Bf6 56. Bc5 Ba1 57. Be7 Kf5 58. Bc5 Be5 59. Be7 Bd4 60. Bd6 Ke6 61. Bc7 Be5 62. Bd8 Bf6 63. Bc7 Kd7 64. Bb8 Kc8 65. Ba7 Kd7 66. Kf3 Ke6 67. h4 g4+ 68. Kxf4 Bxh4 69. Bd4 Bf6 70. Bb6 Be7 71. Ba7 Bd8 72. Be3 Kf6 73. Bd4+ Kg6 74. Be5 Bg5+ 75. Ke4 h4 76. Bd6 Bd8 77. Be5 Kg5 78. Bd6 Kh5 79. Be5 Bg5 80. Bd6 Bc1 81. Kf5 Bb2 82. Bc7 Bc3 83. Bd6 Bd4 84. Bc7 Ba7 85. Bd6 Bb6 86. Be5 Bc5 87. Bc7 Be3 88. Bd6 Bf2 89. Bc7 Bg1 90. Bd6 Bf2 91. Bc7 Be1 92. Bd6 Bd2 93. Bc7 Bb4 94. Be5 Bc5 95. Bc7 Bd4 96. Bd6 Be3 97. Bc7 Bd2 98. Bd6 Bc1 99. Bc7 Ba3 100. Be5 Bf8 101. Bc7 Be7 102. Be5 Bd8 103. Bd6 Bb6 104. Be5 Bc5 1/2-1/2

[Event "Titled Tuesday intern op 21st May Late"]
[Site "Chess.com INT"]
[Date "2024.05.21"]
[Round "2"]
[White "Vargas Pereda, Jesus Manuel"]
[Black "Lin, Bryan Enming"]
[Result "0-1"]
[WhiteElo "1930"]
[BlackElo "2147"]
[PlyCount "88"]
[EventDate "2024.05.21"]
[EventType "swiss (blitz)"]
[EventRounds "11"]
[EventCountry "USA"]
[SourceTitle "CB22_2024"]
[SourceDate "2024.05.29"]
[SourceVersion "1"]
[SourceVersionDate "2024.05.29"]
[SourceQuality "1"]

1. e4 e5 2. Nc3 Nc6 3. f4 exf4 4. Nf3 Nf6 5. e5 Nh5 6. d4 d6 7. Bb5 dxe5 8. d5 a6 9. Ba4 b5 10. Bb3 Na5 11. 0-0 Nxb3 12. axb3 Qf6 13. Re1 Bc5+ 14. Kf1 Bg4 15. Ne4 Qb6 16. Nxc5 0-0 17. b4 Rae8 18. Rxa6 Qb8 19. Qd3 f6 20. Bd2 Kh8 21. b3 g6 22. c4 Bf5 23. Qc3 Kg8 24. Kg1 g5 25. Rea1 g4 26. Ne1 e4 27. cxb5 e3 28. Bc1 Qxb5 29. Qc4 Qxc4 30. bxc4 Be4 31. Re6 Rxe6 32. Nxe6 Rc8 33. g3 fxg3 34. hxg3 Nxg3 35. Bxe3 c6 36. Nd4 cxd5 37. c5 f5 38. Rc1 Nh5 39. Bg5 Kg7 40. Bh4 f4 41. Ng2 Kg6 42. Ne6 Kf5 43. Nexf4 Nxf4 44. Rf1 Bxg2 0-1

[Event "Titled Tuesday intern op 14th May Late"]
[Site "Chess.com INT"]
[Date "2024.05.14"]
[Round "4"]
[White "Atanejhad, Sahebali"]
[Black "Lin, Bryan Enming"]
[Result "1-0"]
[WhiteElo "2019"]
[BlackElo "2146"]
[PlyCount "95"]
[EventDate "2024.05.14"]
[EventType "swiss (blitz)"]
[EventRounds "11"]
[EventCountry "USA"]
[SourceTitle "CB21_2024"]
[SourceDate "2024.05.22"]
[SourceVersion "1"]
[SourceVersionDate "2024.05.22"]
[SourceQuality "1"]

1. d4 Nf6 2. c4 g6 3. Nc3 c5 4. d5 Bg7 5. e4 d6 6. Nf3 0-0 7. h3 e6 8. Bd3 Na6 9. 0-0 Nc7 10. Bg5 h6 11. Be3 exd5 12. exd5 b5 13. cxb5 Ncxd5 14. Bd2 Bb7 15. Qc1 Nb4 16. Be2 Kh7 17. a3 Nbd5 18. Re1 Qd7 19. Qc2 Rfe8 20. Rad1 Qc7 21. Bd3 Nb6 22. Nh4 d5 23. Bxg6+ fxg6 24. Qxg6+ Kg8 25. Nf5 Ne4 26. Nxe4 Rxe4 27. Bxh6 Qf7 28. Qxf7+ Kxf7 29. Rxe4 dxe4 30. Bxg7 Ke6 31. g4 Nc4 32. Kh2 Bd5 33. a4 Nb6 34. a5 Nc4 35. Bc3 Rb8 36. Ng7+ Kd6 37. Nf5+ Ke6 38. Ng7+ Kd6 39. Nh5 Rf8 40. Nf6 Ke6 41. Nxd5 Rxf2+ 42. Kg3 Rf3+ 43. Kh4 e3 44. Nc7+ Ke7 45. b6 axb6 46. a6 e2 47. Re1 Kd7 48. a7 1-0

[Event "Titled Tuesday intern op 14th May Late"]
[Site "Chess.com INT"]
[Date "2024.05.14"]
[Round "1"]
[White "Ramsdal, Jens Albert"]
[Black "Lin, Bryan Enming"]
[Result "0-1"]
[WhiteElo "2369"]
[BlackElo "2146"]
[PlyCount "142"]
[EventDate "2024.05.14"]
[EventType "swiss (blitz)"]
[EventRounds "11"]
[EventCountry "USA"]
[SourceTitle "CB21_2024"]
[SourceDate "2024.05.22"]
[SourceVersion "1"]
[SourceVersionDate "2024.05.22"]
[SourceQuality "1"]

1. e4 e5 2. Nf3 Nc6 3. Bc4 Nf6 4. d3 Bc5 5. 0-0 d6 6. c3 a5 7. Nbd2 0-0 8. h3 h6 9. Re1 a4 10. Nf1 Bd7 11. Bb5 Nd4 12. cxd4 Bxb5 13. dxc5 dxc5 14. Nxe5 Re8 15. Bf4 Qd4 16. Nf3 Qxb2 17. Rb1 Qxa2 18. Rxb5 c4 19. Qb1 Qxb1 20. Rbxb1 cxd3 21. Ng3 c5 22. Rxb7 Rec8 23. Be5 a3 24. Ra1 c4 25. Bc3 Ne8 26. Nd2 Nd6 27. Rb4 Rc5 28. Nf5 Nb5 29. Bxg7 c3 30. Bxc3 Nxc3 31. Rc4 Rxc4 32. Nxc4 a2 33. Ne7+ Kf8 34. Nd5 Nxe4 35. f3 Nc5 36. Nc3 Nb3 37. Rxa2 Rc8 38. Ra4 d2 39. Nd1 Re8 40. Kf2 Re1 41. Nce3 Nc1 42. Rd4 Re2+ 43. Kg3 Nb3 44. f4 Nxd4 45. h4 Re1 46. Kf2 Re2+ 47. Kg3 h5 48. f5 Re1 49. Kf2 Nxf5 50. Nxf5 Rxd1 51. Ke2 Rg1 52. Kxd2 Rxg2+ 53. Ke3 Rg4 54. Kf3 Rg6 55. Ng3 Rh6 56. Kf4 Rf6+ 57. Kg5 Rg6+ 58. Kf4 Rg4+ 59. Kf3 Rxh4 60. Nf5 Rg4 61. Ng3 Rg6 62. Nf5 Rf6 63. Kf4 Rxf5+ 64. Kxf5 Ke7 65. Kg5 Ke6 66. Kxh5 Kf5 67. Kh4 Kf4 68. Kh3 Kf3 69. Kh4 f5 70. Kg5 f4 71. Kf5 Ke3 0-1

[Event "Titled Tuesday intern op 23rd Apr Late"]
[Site "Chess.com INT"]
[Date "2024.04.23"]
[Round "2"]
[White "Lin, Bryan Enming"]
[Black "Valiyev, Shahin"]
[Result "1/2-1/2"]
[WhiteElo "2087"]
[BlackElo "2244"]
[PlyCount "119"]
[EventDate "2024.04.23"]
[EventType "swiss (blitz)"]
[EventRounds "11"]
[EventCountry "USA"]
[SourceTitle "CB18_2024"]
[SourceDate "2024.05.01"]
[SourceVersion "1"]
[SourceVersionDate "2024.05.01"]
[SourceQuality "2"]

1. e4 c5 2. Nf3 d6 3. d4 cxd4 4. Nxd4 Nf6 5. Nc3 g6 6. Be3 Bg7 7. f3 0-0 8. Qd2 Nc6 9. 0-0-0 Nxd4 10. Bxd4 Be6 11. Kb1 Qc7 12. g4 Rfc8 13. h4 Qa5 14. a3 Rab8 15. h5 b5 16. hxg6 fxg6 17. Nd5 Qxd2 18. Nxf6+ Bxf6 19. Rxd2 Bxd4 20. Rxd4 a5 21. Rd2 Kg7 22. Rdh2 Bg8 23. Bd3 b4 24. axb4 axb4 25. f4 Ra8 26. b3 Ra3 27. g5 Rc3 28. f5 Raxb3+ 29. cxb3 Rxd3 30. Rg1 Rxb3+ 31. Rb2 Rf3 32. fxg6 b3 33. gxh7 Bxh7 34. g6 Bxg6 35. Rbg2 Rf6 36. Kb2 Kf7 37. Rg4 Re6 38. Rf1+ Ke8 39. Rff4 Bf7 40. Rh4 Rf6 41. Rh8+ Kd7 42. Rxf6 exf6 43. Kc3 Ke7 44. Kd4 Kd7 45. Rf8 Be6 46. Rxf6 b2 47. Rf1 Ba2 48. e5 d5 49. Rg1 Ke7 50. Rh1 Ke6 51. Rh6+ Ke7 52. Rb6 b1Q 53. Rxb1 Bxb1 54. Kxd5 Ba2+ 55. Kd4 Be6 56. Ke4 Bd7 57. Kf4 Be6 58. Ke3 Bd7 59. Kd4 Be6 60. Ke3 1/2-1/2

[Event "Titled Tuesday intern op 16th Apr Late"]
[Site "Chess.com INT"]
[Date "2024.04.16"]
[Round "7"]
[White "Andreikin, Dmitry"]
[Black "Lin, Bryan Enming"]
[Result "1-0"]
[WhiteElo "2729"]
[BlackElo "2087"]
[PlyCount "67"]
[EventDate "2024.04.16"]
[EventType "swiss (blitz)"]
[EventRounds "11"]
[EventCountry "USA"]
[SourceTitle "CB17_2024"]
[SourceDate "2024.04.24"]
[SourceVersion "1"]
[SourceVersionDate "2024.04.24"]
[SourceQuality "1"]

1. e4 e5 2. Nf3 Nc6 3. Bb5 a6 4. Ba4 Nf6 5. d3 b5 6. Bb3 Be7 7. 0-0 d6 8. a3 0-0 9. Nc3 Na5 10. Ba2 c5 11. Bg5 Be6 12. Bxf6 Bxf6 13. Nd5 Nc6 14. c3 Rc8 15. h3 g6 16. a4 Bg7 17. axb5 axb5 18. Bb3 Bxd5 19. Bxd5 Ne7 20. Ba2 Ra8 21. Bb3 h6 22. Nh2 Qc7 23. Qe2 Kh7 24. Ng4 f5 25. Ne3 fxe4 26. dxe4 c4 27. Bc2 Qc6 28. h4 h5 29. Nd5 Nxd5 30. exd5 Qxd5 31. Qxh5+ Kg8 32. Bxg6 Rf6 33. Qh7+ Kf8 34. Be4 1-0

[Event "Titled Tuesday intern op 12th Mar Late"]
[Site "Chess.com INT"]
[Date "2024.03.12"]
[Round "2"]
[White "Lin, Bryan Enming"]
[Black "Yoo, Christopher Woojin"]
[Result "0-1"]
[WhiteElo "2111"]
[BlackElo "2583"]
[PlyCount "76"]
[EventDate "2024.03.12"]
[EventType "swiss (blitz)"]
[EventRounds "11"]
[EventCountry "USA"]
[SourceTitle "CB12_2024"]
[SourceDate "2023.10.01"]
[SourceVersion "1"]
[SourceVersionDate "2023.10.01"]
[SourceQuality "1"]

1. e4 c5 2. Nf3 Nc6 3. d4 cxd4 4. Nxd4 Nf6 5. Nc3 e6 6. Ndb5 Bc5 7. Nd6+ Ke7 8. Bf4 e5 9. Nf5+ Kf8 10. Bg5 d6 11. Ne3 Be6 12. Qd2 h6 13. Bxf6 Qxf6 14. Ned5 Qd8 15. Bc4 g6 16. 0-0 Kg7 17. Kh1 a6 18. a4 Rc8 19. Ba2 Re8 20. f3 Qg5 21. Qe2 Nd4 22. Qd3 h5 23. Ne2 h4 24. Nxd4 Bxd4 25. c3 Ba7 26. a5 h3 27. g3 f5 28. Nb4 Bxa2 29. Rxa2 Bc5 30. Nd5 fxe4 31. fxe4 Rf8 32. Raa1 Qg4 33. b4 Ba7 34. Rae1 Rcd8 35. Ne7 Rd7 36. Rxf8 Kxf8 37. Nd5 Rf7 38. Rf1 Qxe4+ 0-1

[Event "Titled Tuesday intern op 27th Feb Late"]
[Site "Chess.com INT"]
[Date "2024.02.27"]
[Round "10"]
[White "Deac, Bogdan Daniel"]
[Black "Lin, Bryan Enming"]
[Result "1/2-1/2"]
[WhiteElo "2690"]
[BlackElo "2103"]
[PlyCount "167"]
[EventDate "2024.02.27"]
[EventType "swiss (blitz)"]
[EventRounds "11"]
[EventCountry "USA"]
[SourceTitle "CB10_2024"]
[SourceDate "2024.03.06"]
[SourceVersion "1"]
[SourceVersionDate "2024.03.06"]
[SourceQuality "1"]

1. d4 Nf6 2. Nf3 g6 3. Nbd2 d5 4. Nb3 Bg7 5. Bf4 0-0 6. e3 Nbd7 7. h3 b6 8. c3 c5 9. Be2 Bb7 10. a4 a6 11. 0-0 Re8 12. Ne5 Nxe5 13. Bxe5 Nd7 14. Bxg7 Kxg7 15. f4 e6 16. Bf3 c4 17. Nd2 f5 18. Nxc4 Qc7 19. Ne5 Nxe5 20. fxe5 a5 21. Be2 Ba6 22. Bxa6 Rxa6 23. Qd3 Raa8 24. b3 Rac8 25. Rac1 Qc6 26. Rc2 Rb8 27. c4 Rec8 28. Rfc1 dxc4 29. Rxc4 Qd7 30. Qc2 Rxc4 31. Qxc4 Kh6 32. Qc7 Qe8 33. Qc6 Qe7 34. Qd6 Qg5 35. Rc3 Qg3 36. Qc7 Rb7 37. Qc6 b5 38. axb5 Rxb5 39. Qc4 Rb4 40. Qd3 a4 41. bxa4 Rxa4 42. Qf1 Ra2 43. Qf4+ Qxf4 44. exf4 Rd2 45. Rc6 Rxd4 46. g3 Rd2 47. Rxe6 Kg7 48. Re7+ Kg8 49. Kf1 Ra2 50. Rc7 h5 51. h4 Kf8 52. Rd7 Rb2 53. Rc7 Ra2 54. Rb7 Rc2 55. Ke1 Rg2 56. Rb3 Ke7 57. Kf1 Ra2 58. Rd3 Rb2 59. Rf3 Ra2 60. Rf2 Ra1+ 61. Kg2 Rb1 62. Rd2 Ra1 63. Kf2 Ra3 64. Rd6 Ra2+ 65. Kf3 Ra3+ 66. Kf2 Ra2+ 67. Ke3 Ra3+ 68. Rd3 Ra1 69. Rb3 Rd1 70. Rb7+ Kf8 71. Rb6 Kf7 72. Rf6+ Kg7 73. Rd6 Rg1 74. Rd7+ Kf8 75. e6 Re1+ 76. Kd4 Rxe6 77. Rd5 Ke7 78. Re5 Kd6 79. Rxe6+ Kxe6 80. Kc5 Ke7 81. Kc6 Ke6 82. Kc5 Ke7 83. Kc4 Ke6 84. Kc5 1/2-1/2

[Event "Titled Tuesday intern op 27th Feb Late"]
[Site "Chess.com INT"]
[Date "2024.02.27"]
[Round "8"]
[White "Lin, Bryan Enming"]
[Black "Fiorito, Francisco"]
[Result "1-0"]
[WhiteElo "2103"]
[BlackElo "2368"]
[PlyCount "55"]
[EventDate "2024.02.27"]
[EventType "swiss (blitz)"]
[EventRounds "11"]
[EventCountry "USA"]
[SourceTitle "CB10_2024"]
[SourceDate "2024.03.06"]
[SourceVersion "1"]
[SourceVersionDate "2024.03.06"]
[SourceQuality "1"]

1. e4 c5 2. Nf3 Nc6 3. Nc3 g6 4. d4 cxd4 5. Nxd4 Bg7 6. Be3 Nf6 7. Bc4 0-0 8. Bb3 Re8 9. 0-0 d6 10. h3 Na5 11. Qd3 b6 12. Ba4 Bd7 13. b4 Bxa4 14. Nxa4 Nb7 15. c4 Qd7 16. Nc3 Rec8 17. Rac1 Qe6 18. Nxe6 fxe6 19. e5 dxe5 20. Bg5 Nd6 21. Bxf6 Bxf6 22. Ne4 Nf5 23. c5 Nd4 24. f4 Kg7 25. Nxf6 exf6 26. fxe5 fxe5 27. Qe4 Nc6 28. cxb6 1-0

[Event "Titled Tuesday intern op 27th Feb Late"]
[Site "Chess.com INT"]
[Date "2024.02.27"]
[Round "5"]
[White "Lin, Bryan Enming"]
[Black "Hamitevici, Vladimir"]
[Result "1-0"]
[WhiteElo "2103"]
[BlackElo "2470"]
[PlyCount "71"]
[EventDate "2024.02.27"]
[EventType "swiss (blitz)"]
[EventRounds "11"]
[EventCountry "USA"]
[SourceTitle "CB10_2024"]
[SourceDate "2024.03.06"]
[SourceVersion "1"]
[SourceVersionDate "2024.03.06"]
[SourceQuality "1"]

1. e4 c6 2. Nf3 d5 3. exd5 cxd5 4. Ne5 Nd7 5. d4 Ngf6 6. Bb5 a6 7. Bd3 Nxe5 8. dxe5 Ng4 9. Qe2 Qc7 10. Bf4 f6 11. Nc3 d4 12. Ne4 Nxe5 13. 0-0 Qa5 14. b4 Qd5 15. Bxe5 Qxe5 16. f4 Qc7 17. Qf2 Qb6 18. c3 Bf5 19. Nd6+ Qxd6 20. Bxf5 dxc3 21. Rad1 Qxb4 22. Bd7+ Kf7 23. f5 g6 24. Be6+ Kg7 25. Kh1 Qa5 26. Rd7 Rd8 27. Rdd1 Rd6 28. h3 Rc6 29. Rd3 Qc5 30. Qc2 b5 31. Rg3 g5 32. h4 h6 33. Qe2 Rh7 34. Qh5 Rc8 35. Qf7+ Kh8 36. Qg8# 1-0

[Event "Titled Tuesday intern op 27th Feb Late"]
[Site "Chess.com INT"]
[Date "2024.02.27"]
[Round "9"]
[White "Lin, Bryan Enming"]
[Black "Miladinovic, Igor"]
[Result "1-0"]
[WhiteElo "2103"]
[BlackElo "2489"]
[PlyCount "53"]
[EventDate "2024.02.27"]
[EventType "swiss (blitz)"]
[EventRounds "11"]
[EventCountry "USA"]
[SourceTitle "CB10_2024"]
[SourceDate "2024.03.06"]
[SourceVersion "1"]
[SourceVersionDate "2024.03.06"]
[SourceQuality "1"]

1. e4 c5 2. Nf3 Nc6 3. d4 cxd4 4. Nxd4 Qc7 5. Nc3 e6 6. Be3 a6 7. Qf3 h5 8. 0-0-0 Ne5 9. Qg3 h4 10. Qh3 Nf6 11. f3 b5 12. Nb3 Ng6 13. Kb1 Bb7 14. Be2 Rc8 15. Rd2 Bd6 16. Bxb5 Bf4 17. Bxd7+ Nxd7 18. Bxf4 Qxf4 19. Rhd1 Nde5 20. Na5 Ba8 21. Nd5 0-0 22. Nxf4 Nxf4 23. Qxh4 Neg6 24. Qg3 Rc5 25. Nb3 Rcc8 26. h4 Bc6 27. Nd4 1-0